000 00977nam a2200289 a 4500
003 AR-BaBNM
005 20251128205210.0
008 082120s2002 ||||||||||||||000 | spa||
040 _cAR-BaBNM
245 0 0 _aBuenos Aires 1800-1830
_beducación y asistencia social
_n3
250 _a1ª ed.
260 _aBuenos Aires
_bBanco Internacional
_bBanco Unido de Inversión
_c1979
300 _a388 p.
_bgráfs., tablas, láms., diagr
504 _aBibliografía al finalizar cada capítulo.
650 4 _aHISTORIA DE BUENOS AIRES
650 4 _aHISTORIA DE LA EDUCACION
650 4 _aHISTORIA SOCIAL
650 4 _aHISTORIA DE LA SALUD PUBLICA
650 4 _aHISTORIA DE LA MEDICINA
650 4 _aHISTORIA CULTURAL
700 1 _aGarcía Belsunce, César A.
_edirector
700 1 _aRisolía de Capurro Robles, María
_ecolaborador
700 1 _aRisolía, María José
_ecolaborador
700 1 _aMuro de Nadal, Mercedes
_ecolaborador
942 _cBK
998 _cmariana
999 _c10415
_d10415